书目信息 |
| 题名: |
治污减排与结构调整
|
|
| 作者: | 牛海鹏 著 | |
| 分册: | ||
| 出版信息: | 北京 中国人民大学出版社 2017.05 |
|
| 页数: | 219页 | |
| 开本: | 23cm | |
| 丛书名: | ||
| 单 册: | ||
| 中图分类: | X505 , TK01 | |
| 科图分类: | ||
| 主题词: | 污染防治--关系--经济结构调整--研究--中国 , 节能--关系--经济结构调整--研究--中国 | |
| 电子资源: | ||
| ISBN: | 978-7-300-23788-6 | |
| 000 | 00849nam0 2200241 450 | |
| 001 | 58 | |
| 005 | 20180920165823.09 | |
| 010 | @a978-7-300-23788-6@dCNY45.00 | |
| 100 | @a20170905d2017 em y0chiy50 ea | |
| 101 | 0 | @achi |
| 102 | @aCN@b110000 | |
| 105 | @ay z 000yy | |
| 200 | 1 | @a治污减排与结构调整@9zhi wu jian pai yu jie gou tiao zheng@f牛海鹏著 |
| 210 | @a北京@c中国人民大学出版社@d2017.05 | |
| 215 | @a219页@d23cm | |
| 330 | @a本书主要内容包括:环境保护和经济社会发展的中国政策实践、环境质量与经济增长、治污减排对经济结构调整的作用机理探索、治污减排对经济结构调整的作用效果评估等。 | |
| 606 | 0 | @a污染防治@x关系@x经济结构调整@x研究@y中国 |
| 606 | 0 | @a节能@x关系@x经济结构调整@x研究@y中国 |
| 690 | @aX505@v5 | |
| 690 | @aTK01@v5 | |
| 701 | 0 | @a牛海鹏@9niu hai peng@4著 |
| 801 | 0 | @aCN@b91MARC@c20170905 |
| 905 | @aMuseLib@dX505@e168 | |
| 治污减排与结构调整/牛海鹏著.-北京:中国人民大学出版社,2017.05 |
| 219页;23cm |
| ISBN 978-7-300-23788-6:CNY45.00 |
| 本书主要内容包括:环境保护和经济社会发展的中国政策实践、环境质量与经济增长、治污减排对经济结构调整的作用机理探索、治污减排对经济结构调整的作用效果评估等。 |
| ● |
| 相关链接 |
|
|
|
|
正题名:治污减排与结构调整
索取号:X505/168
 
预约/预借
| 序号 | 登录号 | 条形码 | 馆藏地/架位号 | 状态 | 备注 |
| 1 | 1118029 | 211180292 | 第二样本阅览室/ [索取号:X505/168] | 在馆 | |
| 2 | 1118030 | 211180309 | 第三借阅区/ [索取号:X505/168] | 在馆 | |
| 3 | 1118031 | 211180318 | 第三借阅区/ [索取号:X505/168] | 在馆 | |
| 4 | 1118032 | 211180327 | 第三借阅区/ [索取号:X505/168] | 在馆 | |
| 5 | 1118033 | 211180336 | 第三借阅区/ [索取号:X505/168] | 在馆 |